| 000 -LEADER |
| fixed length control field |
00648nam a2200205 i 4500 |
| 005 - DATE AND TIME OF LATEST TRANSACTION |
| control field |
20131125090732.0 |
| 008 - FIXED-LENGTH DATA ELEMENTS--GENERAL INFORMATION |
| fixed length control field |
130521s2012 gw b 001 0 eng |
| 020 ## - INTERNATIONAL STANDARD BOOK NUMBER |
| International Standard Book Number |
3830511922 |
| 020 ## - INTERNATIONAL STANDARD BOOK NUMBER |
| International Standard Book Number |
9050955746 |
| 020 ## - INTERNATIONAL STANDARD BOOK NUMBER |
| International Standard Book Number |
3708303717 |
| 041 0# - LANGUAGE CODE |
| Language code of text/sound track or separate title |
eng |
| -- |
ger |
| 080 ## - UNIVERSAL DECIMAL CLASSIFICATION NUMBER |
| Universal Decimal Classification number |
342.7 |
| Common auxiliary subdivision |
(039) |
| 245 00 - TITLE STATEMENT |
| Title |
Understanding human rights : |
| Statement of responsibility, etc |
edited by Wolfgang Benedek. |
| 300 ## - |
| -- |
410 f. ; |
| -- |
23 cm. |
| 500 ## - |
| -- |
Preface to the second edition: f. 5 |
| 500 ## - |
| -- |
Preface to the second first edition: f. 6 |
| 504 ## - BIBLIOGRAPHY, ETC. NOTE |
| Bibliography, etc |
Includes bibliographical references and index. |
| 650 #0 - |
| -- |
Të drejtat e njeriut |
| 942 ## - ADDED ENTRY ELEMENTS (KOHA) |
| Source of classification or shelving scheme |
|
| Item type |
Books |